000 00400nam a2200157Ia 4500
008 230917s9999||||xx |||||||||||||| ||und||
040 _e162610
_aMAIN
041 _aEnglish
082 _a658.3 S55H(2)
100 _aSen, Aloke K
245 0 _aHuman resource development planning of develoyment
250 _a2nd ed.
260 _aNew Delhi
_bAsian Books
_c2007
300 _a278 p.
942 _cBK
999 _c153301
_d153301